00709 a2200193 4500010001400000020002300014035001300037037001500050082001300065245018700078260005700265270005800322300002800380500001900408700002700427700002100454700001900475700002100494 aENG-88265 a8185502773c195.00 aEN-71798 bDBAD / PUB14a616.00761 aUSMLE step 2 classic presentations and rapid review for the USMLE, step 2/cby Theodore X. O'Connell ... [et al]; edited by Theodore X. O'Connell, Susan L. Taylor and Kurt E. Johnson aNew DelhibAll India Publishers & Distributorsc2000 a4380/4B, Ansari Road, Darya Ganj,bNew Delhie110 002 aix, 215p.c28cm (pbk ) aIncludes index aO'Connell, Theodore X. aTaylor, Susan L. aHuerta, Sergio aJamali, Aamer H.